[Event "RUS-Cup03 Geller Memorial"]
[Site "Moscow"]
[Date "1999.02.07"]
[Round "6"]
[White "Nureev, Garun"]
[Black "Vokarev, Sergey"]
[Result "0-1"]
[WhiteElo "2380"]
[BlackElo "2462"]
[Annotator "Har Zvi,R"]
[PlyCount "56"]
[EventDate "1999.02.10"]
[EventType "swiss"]
[EventRounds "9"]
[EventCountry "RUS"]
[SourceTitle "CBM 070"]
[Source "ChessBase"]
[SourceDate "1999.06.08"]
[SourceVersion "1"]
[SourceVersionDate "1999.06.08"]
[SourceQuality "1"]

1. e4 {Smirin,I} c5 2. Nf3 Nc6 3. g3 g6 4. Bg2 Bg7 5. O-O d6 6. c3 e5 7. Na3
Nge7 8. d4 {I really do not and can explain why people with the white pieces
still play d4 here the few games mentioned here show black gets very good
position after this does not matter with what he takes and this game is the
same so why do get a worse position with white after move 8???} (8. Nc2 f5 9.
d3 O-O 10. Re1 h6 11. b4 a6 12. exf5 Bxf5 {'<=>' Smirin,I. Smirin,I: ' 0-1
Miljanic,B-Mukhametov,E/JUG-chT 1992 (35)'} 13. Nh4 cxb4 14. Nxb4 Nxb4 15. cxb4
d5 16. Nxf5 gxf5 17. Bb2 Qd6 $13 {0-1 Miljanic,B-Mukhametov,E/JUG-chT 1992/EXT
92ch (35)}) 8... exd4 (8... cxd4 9. cxd4 exd4 10. Bf4 O-O 11. Nb5 Bg4 12. h3
Bxf3 13. Qxf3 a6 14. Na3 (14. Nxd6 $2 {Smirin,I} g5 $19 {[%csl Rd6]}) 14... Ne5
15. Qb3 b5 16. Rad1 Rc8 17. Bg5 h6 18. Bc1 Nc4 19. Nc2 Nc6 $15 {/-/+;1/2-1/2
Nikolic,S-Osmanovic,K/JUG-chT 1989/TD 89\07 (38)}) 9. cxd4 Nxd4 10. Nxd4 cxd4
11. b3 (11. Bg5 O-O 12. Nb5 h6 13. Bf4 g5 14. Bxd6 a6 15. Bxe7 Qxe7 {'=/+'
Smirin} 16. Na3 Qb4 17. Rb1 Be6 $17 {0-1 Larsen,B-Pernisco,E/Robecchetto op
1996/EXT 96op2 (29)}) (11. Nc2 Nc6 (11... Qb6)) 11... O-O 12. Bb2 Nc6 {very
very stupid now white is fighting just to get his pawn back and make draw!} 13.
Nb5 $8 {'?!' Smirin,I. Smirin,I: 'unjustified activity.'} (13. Nc2 $4 d3 $19
14. Bxg7 dxc2) ({Better was to continue development after} 13. Qd2 Be6 (13...
f5 {Smirin,I} 14. Nc2 fxe4 15. Bxe4 Qb6 16. Rad1 Bg4 17. Nxd4 $1 Bxd1 (17...
Nxd4 $2 18. Bxd4 Bxd4 19. Bd5+ Kg7 20. Qxd4+ Qxd4 21. Rxd4 $16) 18. Bd5+ Kh8
19. Ne6 $132 Bxb2 20. Qxb2+ Ne5 21. Nxf8 $14) 14. Nc2 d5 $17) 13... Qb6 {
of course not allowing white to take the "d4" pawn since then black will be
left with an isolated "d6" pawn} 14. Nxd6 Be6 $17 {[%csl Rd6][%cal Gf8d8]} 15.
g4 $2 {this is just strange idea giving the knight for well jut nothing! but
any way white is in big difficulties here,black wants to play Rfd8 or Ne5 and
since Nc4 is not possible at the moment white must act Smirin,I: 'White
position looks helpless,but why to lose in one move?'} (15. Rc1 Ne5 16. Ba3 Qa6
{'!' Smirin,I.} 17. Nc4 (17. Bb4 Nd3) (17. Bc5 Nd3) 17... Bxc4 (17... Rfc8 {
Smirin,I} 18. Nxe5 Bxe5 $17 {[%csl Ra2,Ra3][%cal Ga6a2] \-+}) 18. Bxf8 Be2 19.
Bxg7 Bxd1 20. Bxe5 Be2 $19) (15. Ba3 Qa6 16. Bb2 (16. Bc5 b6 $19) 16... Ne5 17.
Nc4 Bxc4 18. bxc4 Nxc4) (15. Qd2 $8 Ne5 (15... Rfd8 16. Nc4 (16. Ba3 Bf8 $19)
16... Bxc4 17. bxc4 Ne5 $17) 16. Ba3) 15... Rfd8 {'-+' Smirin,I. Smirin,I:
'The knight is trapped.'} 16. Nf5 (16. Ba3 {Smirin,I} Bf8 $19) 16... gxf5 17.
gxf5 Bc4 $1 $19 {'!' Smirin,I.} 18. Re1 Ne5 {Smirin,I: 'Rest of the game is
matter of technique.'} 19. Ba3 Ba6 {so now black has both material and the
initiative!!} 20. Kh1 d3 21. Rg1 (21. f4 d2 {[%cal Ge5d3]}) 21... d2 22. Bf1
Bxf1 23. Bb2 (23. Qxf1 Nd3 24. Rg2 Nxf2+ 25. Rxf2 d1=Q 26. Rxd1 Rxd1 27. Qxd1
Qxf2) 23... f6 24. Rxf1 Rac8 25. Rb1 Qc6 26. Qe2 Qc2 27. Rfd1 Qd3 28. Qxd3 Rxd3
{[%mdl 4] so I analyse this game which myabe not so good just to reccomand
white players not to play this line with "d4" on move 8 simply very bad} 0-1

[Event "RUS-Cup7"]
[Site "Kstovo"]
[Date "1997.05.04"]
[Round "4"]
[White "Beshukov, Sergei"]
[Black "Zagrebelny, Sergey"]
[Result "1-0"]
[WhiteElo "2435"]
[BlackElo "2480"]
[Annotator "Har Zvi,R"]
[PlyCount "71"]
[EventDate "1997.05.01"]
[EventType "swiss"]
[EventRounds "9"]
[EventCountry "RUS"]
[SourceTitle "CBM 059"]
[Source "ChessBase"]
[SourceDate "1997.08.01"]
[SourceVersion "1"]
[SourceVersionDate "1997.08.01"]
[SourceQuality "1"]

1. e4 c5 2. Nf3 d6 3. Bc4 Nc6 4. c3 (4. O-O) (4. d3 g6 5. O-O Bg7 6. a3 e6 7.
Re1 Nge7 8. Ba2 O-O 9. Nbd2 b5 10. Nf1 a5 11. h4 h6 12. c3 b4 13. d4 bxc3 14.
bxc3 $36 {Adams,M-Lautier,J EU-ch 30' Cup d'Agde 1996}) 4... Nf6 5. d3 g6 (5...
e6 6. Bb3 Be7 7. O-O O-O 8. Re1 b6 9. Nbd2 Bb7 10. Nf1 Rc8 11. Ng3 (11. Bf4)
11... Qc7 12. Bf4 Ne5 13. d4 Ng6 14. Bg5 h6 $13 {Waitzkin,J-Yermolinsky,A USA 
(ch) 1995 65/192}) 6. O-O (6. Bb3 Bg7 7. Ng5 O-O 8. f4 b5 9. O-O h6 10. Nf3 c4
11. dxc4 Nxe4 12. cxb5 Qb6+ 13. Kh1 Qxb5 14. Na3 Qc5 15. Qd5 Nf6 16. Qxc5 dxc5
17. Be3 $16 {Tseshkovsky,V-Fedorov,A RUS-cup6 1997}) 6... Bg7 7. Re1 O-O 8. Bb3
b5 9. h3 Bb7 (9... b4 10. Ba4 Qb6 11. Bxc6 Qxc6 12. cxb4 cxb4 13. a3 Qa6 14.
Bg5 Rb8 15. d4 h6 16. Bh4 Qb7 17. Nbd2 $13 {Totsky,L-Hachian,M RUS-cup2 Moscow
1997}) 10. Nbd2 Nd7 11. Nf1 b4 12. d4 bxc3 13. bxc3 cxd4 14. cxd4 Rc8 15. Rb1 {
[%cal Gb3f7]} Ba6 {nothing special has happened in the opening,and the
position seems something like equal,both players have their pieces where they
want them,and it seems nothing special should happen} 16. Ne3 Na5 17. Bc2 Nc4
18. Bb3 Na5 19. Bc2 Nc4 20. Bb3 Ndb6 {black decides to fight! it seems as
after 20...Na5 21.Bc2 Nc4 the game whould have ended with a draw} 21. Ng4 {
a correct idea by white,after the exchange of the black coloured bishops
black's king will be more exposed,and it will be easy to attack him} e6 (21...
h5 22. Nh6+ Kh8 23. Nf5 $5 {it is not easy to find another plan for white,but
I think this is quite  OK} Bf6 (23... gxf5 $4 24. Ng5 {winning immediately})
24. e5 $1 dxe5 25. dxe5 Qxd1 26. Bxd1 Nxe5 27. Nxe5 gxf5 28. Bxh5 $14) 22. Bh6
(22. Bg5 $5) 22... Bxh6 23. Nxh6+ Kg7 24. Ng4 {[%cal Gd1c1,Gc1h6]} h5 25. Ne3
Nxe3 26. Rxe3 {now we see how important was the "g7" Bishop,now only defending
the king but also putting some pressure on the "d4" pawn} Nc4 27. Bxc4 Rxc4 $6
{forcing Qc8 after Ra3 by white} 28. Ra3 {soon white will control all the
white squares around black's king} Qc8 {so now the last piece which can fight
in some way over the dark square has left it's place on d8 and has moves to c8
and only the white cloured squares from now on,that's way the result of the
game is quite obvious,black should have fought for the dark squares like
fighting for hislife,since in this game it was the same!!} 29. Qd2 $1 {of
coure the queen is going to f4-f6} Rc2 30. Qf4 Qc4 (30... Qc6 31. Ng5 $1 $18 {
and there is really no move for black,since after 31...Kg8 white playes 32.
Rb8! winning,more than that white threat right now is Rb8!! winning,since
after RxR white has Qxf7 followed by Ne6}) 31. Qxd6 Qe2 (31... Rxa2 32. Ra1
Rxa3 (32... Rxa1+ 33. Rxa1 {[%csl Ra7]} Bb7 34. Rxa7 Bxe4 35. Qe5+) 33. Qxa3
Bb7 34. d5 $1 {[%cal Ga1h8]} Bc8 35. d6 Qxe4 36. Qxa7 $16) 32. Qg3 Rfc8 $2 {
after this move white's position is very close to a winning one,black's best
chance was simply to take on a2,first he gets his pawn back,and secondly he
starts to exchange pieces and it is well knowen that exchanging pieces is
interest of the defencive side} (32... Rxa2 33. Ng5 Rxa3 34. Qxa3 Kg8 $14 {/+/-
}) 33. Ng5 Rxa2 $2 {just losing immediatel,the only defencive move was R2c6
defending the e6 pawn so after Qe5 black would be able to f6.but if white
simply playes 34.Qf3 QxQ 35.NxQ this position is between +/-/+-} 34. Rf3 $1 {
the game has ended} Rb2 35. Rxf7+ Kg8 36. Qe5 1-0

[Event "Villa Martelli"]
[Site "Villa Martelli"]
[Date "1997.06.05"]
[Round "5"]
[White "Tkachiev, Vladislav"]
[Black "Hoffman, Alejandro"]
[Result "1-0"]
[WhiteElo "2630"]
[BlackElo "2480"]
[Annotator "Har Zvi,R"]
[PlyCount "101"]
[EventDate "1997.06.01"]
[EventType "tourn"]
[EventRounds "11"]
[EventCountry "ARG"]
[EventCategory "13"]
[SourceTitle "CBM 060"]
[Source "ChessBase"]
[SourceDate "1997.09.29"]
[SourceVersion "1"]
[SourceVersionDate "1997.09.29"]
[SourceQuality "1"]

1. e4 c5 2. Nf3 d6 3. Bc4 Nf6 (3... e6 4. O-O (4. Qe2 Be7 5. O-O Nf6 6. c3 O-O
7. Bb3 b6 8. Re1 Bb7 9. d3 Nc6 10. Nbd2 $13 {Leko,P-Moiseev,V Nettetal 60/(196)
1992}) (4. d3 Nc6 5. Bb3 Nf6 6. c3 d5 7. e5 Nd7 8. d4 Be7 9. O-O b5 10. Re1 Bb7
11. Nbd2 a5 12. a4 b4 13. c4 dxc4 14. Nxc4 cxd4 15. Bg5 O-O 16. Bxe7 Qxe7 17.
Nxd4 Nc5 18. Nxc6 Bxc6 19. Rc1 Bd5 $36 {Adams,M-Kasparov,G New-York PCA 1995})
4... Nf6 (4... a6 5. Re1 Nf6 6. Bf1 Be7 7. c3 Nc6 8. d4 cxd4 9. cxd4 d5 10. e5
Ne4 11. Nbd2 Nxd2 12. Bxd2 Qb6 13. Bc3 Bd7 14. Qd2 a5 15. h4 a4 $132 {Hodgson,
J-Rashkovsky,N Obesda op 1996}) 5. Re1 Be7 6. c3 d5 7. exd5 Nxd5 8. d4 O-O 9.
dxc5 Bxc5 10. Bxd5 exd5 11. Be3 Be7 12. Nbd2 Nc6 $11 {Hellsten,J-Akesson,R
Sigeman and co 1997}) 4. d3 e6 (4... Nc6 5. Bb3 (5. c3 a6 6. Bb3 Bg4 7. h3 Bh5
(7... Bxf3 8. Qxf3 g6) 8. Qe2 e6 9. g4 Bg6 10. Nh4 d5 11. Nxg6 hxg6 12. g5 $16
{/~~ Leko,P-Schneider,A Hungary 1996 66/161 [Leko,P]}) 5... g6 6. c3 Bg7 7.
Nbd2 O-O 8. O-O b6 9. Re1 Ba6 10. Nf1 Ne5 11. Bc2 Nfd7 12. Bg5 h6 13. Bh4 Nxf3+
14. Qxf3 Ne5 15. Qd1 Nc6 16. Ne3 Qd7 17. f4 $36 {Adams,M-Gelfand,B Linares 1997
}) 5. Bb3 Be7 6. O-O O-O 7. c3 Nc6 8. Re1 d5 {this move is a big comitment,now
the game becomes very simple and clear,white is going to play on the King's
side attacking black king,while black is going to play on Queen's side pusing
his pawns,it's not easy to say who is better,I would prefer white.I think in
general that 8...Ne5 as was played by Forster in a game mentiones here is a
right plan,exchanging the knight's on c6 and f3 is in black's favour} (8... Ne5
9. d4 (9. Bc2 Nxf3+ 10. Qxf3 b6 11. d4 Bb7 $13) 9... Nxf3+ 10. Qxf3 d5 11. exd5
(11. e5 Ne4 12. Nd2 f5 $132 (12... Nxd2 13. Bxd2 {[%csl Rc8][%cal Gb3c2,Gf3h5,
Ge1e3,Ge3h3]})) 11... exd5 12. dxc5 Bg4 (12... Bxc5 13. Bg5) 13. Qg3 Bxc5 14.
Bg5 $14 {1-0 Kobalija,M-Forster,R/Credis Biel (6) 1997 (21) CBM 60 [ Har-Zvi,R
]}) (8... b5 9. a4 b4 10. Nbd2 Ba6 11. Bc4 Bb7 12. d4 cxd4 13. cxd4 d5 14. exd5
Nxd5 15. Ne4 Rc8 16. Bd3 b3 $1 $36 {Van der Wiel,J-Kasparov,G Brussels 5' 1987}
) (8... b6 9. Nbd2 Ba6 10. Nf1 Ne5 11. Bc2 Rc8 12. Bf4 (12. h3) 12... Nxf3+ (
12... Ng6) 13. Qxf3 Nd7 14. Rad1 Ne5 15. Qh5 $14 {Waitzkin,J-Browne,W USA (ch)
1995 65/191}) 9. e5 Nd7 10. d4 Re8 11. Nbd2 b5 12. Bc2 c4 13. a3 Nf8 {
everything is normal,according to both side plans,now white start to push his
"h"pawn and transfering his d2 knight to g4 via f1-h2} 14. h4 $5 a5 (14... Bxh4
15. Nxh4 Qxh4 16. Re3 $40 {when in this type of position the "h" pawn has no
significanse at all,much more important is the open og the "h" file} f5 17.
exf6 Qxf6 18. Qh5 Qf7 19. Qh2) 15. h5 Rb8 $6 {I do not like this move very
muvh,why giving white the chance to play h6,after which black all the time has
to worry about the f6 square,when indeed black lost the game because of this
fact,15...h6 by black seems a normal move} 16. h6 g6 17. Nf1 b4 18. axb4 axb4
19. N1h2 $40 (19. Qe2 $5) 19... Bd7 (19... b3 $5 {I do not know why not to
play this move,since in the game when black wanted to put white's bishop on b1,
he discoverd a very unpleasent surprise,white had 2 moves which foeced black
tp defend and managed to play Bd1 not locking it on b1!} 20. Bb1 Nd7 {[%cal
Gc8b7,Gb8a8]}) 20. Ng4 Rb7 21. Bf4 Na5 $2 (21... b3 $5) {[%tqu "De","in his
next move white indeed punished black's for his Na5 and for not playing b3
when he could and pobably should hve,can you see the way,but please analyse
really till the end!","","","f4g5","",10]} 22. Bg5 $1 Bxg5 {well this is just
losing immediately without even the smallest chance} (22... b3 23. Bxe7 Rxe7 (
23... bxc2 24. Nf6+ Kh8 25. Bxf8 Rxf8 (25... cxd1=Q 26. Bg7#) 26. Qxc2 $18) 24.
Bb1 {at first I wanted to avoid this move,since why to play"without" a bishop
and I thought about moves such as Qd2 with the idea Qg5,but it seems that
after Bb1 black will not be able to survive on the King's side,so this is OK} (
24. Qd2 bxc2 25. Qg5 f6 26. exf6 Rf7 27. Nfe5 $36) 24... Kh8 (24... Bc6 25. Qd2
Nd7 26. Qf4 Ra7 27. Ng5 Qe8 (27... Qf8 28. Re3 {[%cal Ge3f3]}) 28. Nf6+ Nxf6
29. exf6 Red7 30. Bf5 $1 {the end} gxf5 31. Ne4 Kh8 32. Qg5 Qf8 33. Qg7+ Qxg7
34. fxg7+ Kg8 35. Nf6#) 25. Qd2 $18) 23. Nxg5 Qxg5 24. Nf6+ Kh8 25. Nxe8 Bxe8
26. Rxa5 b3 {and now black probably thought white wpould Bb1 but white had
some other plans} 27. Ra8 $1 Qe7 (27... bxc2 28. Rxe8 cxd1=Q 29. Rxf8#) 28. Qf3
$1 Nd7 (28... bxc2 $2 29. Rxe8 Qxe8 30. Qf6+) 29. Bd1 {so now we have our
bishop in the game,not on b1,the game is over} Kg8 30. Qf4 Kf8 31. Bg4 Nb6 32.
Ra6 Bb5 33. Ra5 Bc6 34. Rea1 Be8 35. g3 Bc6 36. Kg2 Be8 37. Kf3 Bc6 38. Ke3 Be8
39. Ra6 Bb5 40. Rxb6 $1 Rxb6 41. Ra8+ Be8 42. Qf6 Qxf6 43. exf6 Rd6 44. Kf4 Rb6
45. Kg5 Rb7 46. f4 Rd7 47. Bf3 Rd6 48. g4 Rd7 49. f5 exf5 50. gxf5 Rd6 51. Bg4
1-0

[Event "EU-chT (Men) 11th"]
[Site "Pula"]
[Date "1997.05.??"]
[Round "6.3"]
[White "Minasian, Artashes"]
[Black "Sadler, Matthew D"]
[Result "1/2-1/2"]
[WhiteElo "2550"]
[BlackElo "2645"]
[Annotator "Har Zvi,R"]
[PlyCount "62"]
[EventDate "1997.05.05"]
[EventType "team-swiss"]
[EventRounds "9"]
[EventCountry "CRO"]
[SourceTitle "CBM 057 Extra"]
[Source "ChessBase"]
[SourceDate "1997.05.01"]
[SourceVersion "1"]
[SourceVersionDate "1997.05.01"]
[SourceQuality "1"]
[WhiteTeam "Armenia"]
[BlackTeam "England"]
[WhiteTeamCountry "ARM"]
[BlackTeamCountry "ENG"]

1. e4 c5 2. Nf3 d6 3. c3 Nf6 4. Bd3 Bg4 {the other moves for black are 4...Nc6
and 4...g6} 5. h3 (5. Bc2 g6 (5... d5 6. h3 $6 Bxf3 7. gxf3 Nc6 8. d3 e6 9. f4
g6 10. Qf3 Qd7 11. Nd2 O-O-O 12. a4 Bh6 13. Nf1 Nh5 14. Ng3 dxe4 15. dxe4 Ne5
$1 16. fxe5 Bxc1 17. O-O Bg5 $15 {[%csl Re5] Kosashvili,Y-Shmuter,L Rishom le
Zion 1994}) 6. d3 Bxf3 7. Qxf3 Nc6 8. O-O Bg7 9. Be3 O-O 10. Nd2 Rc8 11. Rad1
b5 12. a3 a5 $36 {Georgiev,Kr-Kindermann,S Thessaloniki (ol) 1988}) 5... Bh5 (
5... Bxf3 6. Qxf3 Nc6 7. O-O (7. Bc2 g6 8. O-O Bg7 9. Qe2 O-O 10. d3 b5 11. Be3
Nd7 12. Rd1 b4 $36 {Joksic,S-Har-Zvi,R Biel op 1992}) 7... g6 8. Re1 Bg7 9. Bf1
O-O 10. a4 a6 11. Na3 Rb8 12. Qd1 Nd7 13. Nc2 Na5 $1 $11 {Anand,V-Van Wely,L
Tilburg 1992 56/201 [Van Wely,L]}) 6. Bc2 Nc6 7. d3 e6 8. Nbd2 d5 9. Qe2 Be7
10. Nf1 c4 (10... b5 11. Ng3 Bxf3 (11... Bg6 12. O-O O-O 13. Nh4 d4 14. Nxg6
hxg6 15. Qd1 Rc8 16. Ne2 dxc3 17. bxc3 b4 $15 {Boric,M-Ermenkov,E Jug-Cup f
Pula 1991}) 12. Qxf3 d4 13. O-O O-O 14. Qe2 dxc3 15. bxc3 b4 $13 {Dobrovolsky,
L-Stohl,I Trnava 1984}) (10... Qc7 11. Ng3 Bg6 12. Bg5 Rd8 13. O-O h6 14. Bh4
O-O 15. Rfe1 Nh5 16. Nxh5 Bxh5 17. g4 Bg6 18. Bg3 $13 {Addison,W-Geller,E
Palma de Mallorca izt 1970}) 11. Ng3 $146 (11. dxc4 $5 {I have only one game
in my database with this move Yudasin,L-Uritzky,M Isr-ch Jerusalem 1996,where
it seems white got a good position,this is maybe the critical way to test 10...
c4 by black} dxe4 12. Bxe4 Nxe4 13. Qxe4 Bg6 14. Qe3 Bd3 15. N1d2 Bf6 16. Ne4
Bxc4 17. Qc5 $36) 11... Bxf3 12. Qxf3 Ne5 13. Qe3 Nxd3+ 14. Bxd3 cxd3 15. Qxd3
dxe4 16. Qb5+ Qd7 17. Qxd7+ Kxd7 18. Bg5 h6 19. Bxf6 Bxf6 20. Nxe4 {all the
moves after 11...BxN seems normal and most of them are also forced,so what is
the position we havre before us?probably equal as was in the game,material is
equal,both king are in the center,and there is no reason why one side whould
win,this means that white's most critical reply to 10...c4 by black is 11.dxc4
as was played in Yudasin,L-Uritzky,M} Be7 21. Ke2 Rhd8 22. Rhd1+ Kc6 23. g3 f5
24. Nd2 Bf6 25. Nc4 Kc5 26. Na5 Kb6 27. Nc4+ Kb5 28. Nd6+ Kc6 29. Nc4 Rac8 (
29... Kc5 $11) 30. a4 Kc5 31. Ne3 Kc6 1/2-1/2

[Event "Copenhagen Aruna"]
[Site "Copenhagen"]
[Date "1997.05.03"]
[Round "2"]
[White "Hansen, Sune Berg"]
[Black "Hillarp Persson, Tiger"]
[Result "1-0"]
[WhiteElo "2505"]
[BlackElo "2475"]
[Annotator "Har Zvi,R"]
[PlyCount "79"]
[EventDate "1997.04.02"]
[EventType "tourn"]
[EventRounds "9"]
[EventCountry "DEN"]
[EventCategory "10"]
[SourceTitle "CBM 059"]
[Source "ChessBase"]
[SourceDate "1997.08.01"]
[SourceVersion "1"]
[SourceVersionDate "1997.08.01"]
[SourceQuality "1"]

1. e4 c5 2. Nf3 d6 3. c3 Nf6 4. Be2 Nbd7 {the main moves in the position are 4.
..g6 and 4...Nc6} 5. d3 (5. Qc2 Qc7 {preventing white from playing d4} 6. O-O
b6 7. d3 Bb7 8. Bg5 g6 9. Nbd2 Bg7 10. Rac1 d5 11. Rfe1 O-O 12. Bf1 e5 13. Rcd1
Rfe8 14. Qc1 h6 $15 {Sivpkho,S-Ionov,S St.Petersburg op 1995}) 5... b6 (5... g6
6. O-O Bg7 (6... b6 7. Nbd2 Bb7 8. Re1 Bg7 9. Bf1 O-O 10. d4 e6 11. b3 Qc7 12.
Bb2 Rad8 13. a4 a6 14. b4 d5 15. e5 $14 {Adams,M-Wolff,P New-York 1996}) 7.
Nbd2 O-O 8. Re1 b6 (8... Rb8 $1 {with the idea b5~~[ Ehlvest,J ]}) (8... Ne5 9.
Nxe5 dxe5 10. Nc4 Qc7 11. a4 b6 12. Be3 Be6 13. b3 Nd7 14. Qc1 Nb8 15. h4 $14 {
Luxembourg op 1990}) 9. d4 cxd4 10. cxd4 Bb7 11. Bd3 Rc8 12. Nb3 $1 $14 {
Hodgson,J-Ehlvest,J Rakvere 1993 59/211 [Ehlvest,J]}) 6. O-O Bb7 7. Re1 e6 8.
Nbd2 Be7 9. Bf1 O-O (9... Ne5 10. d4 Nxf3+ 11. Qxf3 O-O 12. Bd3 Rc8 13. Nf1
cxd4 14. cxd4 Qd7 15. Ng3 Rfd8 16. Be3 $14 {Torre,E-Pinter,J Zagreb izt 1987})
10. a3 (10. d4 cxd4 11. cxd4 Qc7 12. Bd3 Rfd8 13. Nf1 d5 14. e5 Ne4 15. Ng3 $14
{/+/- Fries Nilsen,Jo-Gross,S Bl 8990 1989}) 10... Rc8 11. b4 Rc7 12. Bb2 Qa8
13. h3 Rd8 14. Qb1 {[%cal Gd3d4]} Ne5 15. Nxe5 (15. d4 $2 Nxf3+ 16. gxf3 Nh5)
15... dxe5 16. Nc4 (16. b5 Ne8 $1 17. Nc4 f6 {[%cal Ge8d6]}) 16... cxb4 $5 {
black is prepering to sacrifise an exchange,since after cxb4 the e5 is
threatened twice} (16... Nd7 17. b5 $1 $14 {[%csl Rb6,Gc4,Re5][%cal Ga3a4,
Ga4a5]}) 17. cxb4 (17. axb4 $6 {[%csl Rb2]}) 17... Rxc4 18. dxc4 Nxe4 19. Re2 (
19. Qc1 Bg5 (19... Bh4 $6 20. Re2 (20. g3 $2 Nd2 $17)) (19... Nd2 $5 20. Rxe5
Bf6 {when black just seems OK} (20... Nb3 $6 21. Qc3 Nxa1 22. Rxe6 Bf8 23. Re1
$16)) 20. Qc2 (20. Qb1 $2 Nd2 {[%csl Rg2][%cal Gd2f1]}) 20... Rd2 21. Qb3 Nxf2
(21... Rxf2 $5) 22. Bxe5 Ne4 {[%cal Ga8d8]} 23. Rad1 f6 24. Bb2 Bh4 (24... Qd8
25. Rxd2 Qxd2 26. Re2 Qd7 $44) 25. Rxd2 Nxd2 26. Qe3 Bxe1 27. Qxe6+ Kh8 28.
Qxe1 $11) (19. f3 $5 Nd2 20. Qc2 Bxf3 21. Bxe5 (21. gxf3 $4 Nxf3+ 22. Kf2 Bh4+)
21... Be4 22. Qa2 Nxf1 23. Rxf1 f6 24. Bc3 Qc6 $44 {[%csl Rc4] /-/+}) (19. Bc1
$5 Nd2 20. Bxd2 Rxd2 21. Ra2 $14) 19... Nd2 20. Qe1 Nxc4 21. Rd1 (21. Bxe5 $2
Nxe5 22. Rxe5 Bf6 {[%cal Gf6a1]}) 21... Bd5 (21... Nxb2 22. Rxb2 Bg5 23. Rc2
$13 {[%cal Gc1c8]}) 22. Bxe5 a5 (22... Nxa3 23. Bxg7 Kxg7 24. Qc3+ Bf6 (24...
Kg8 25. Rd4 $1 h5 26. Qxa3 $40) 25. Qxa3 $14 {/+/-}) 23. Bc3 a4 (23... Nxa3 $5
24. bxa5 bxa5 25. Bxa5 Rc8 {white has slight material advantage,but since the
pawns are all on the King's side,and black has a fantastic bishop on d5+quite
active pieces I think his chanecs of making a draw are better maybe much
better than white's chances of winning,but of course it is not a big pleasure
to play trying to save the game without any chances of winning but sometimes
it's just must be done}) 24. Ba1 b5 (24... Nxa3 $4 25. Qc3 $18) 25. Qc3 f6 (
25... Bf6 26. Qg3 Bxa1 27. Rxa1 $14 {/+/-}) 26. Ree1 Rc8 27. Qg3 Qc6 28. Rd3
Kh8 (28... Bd6 $5 29. Qh4 Qc7) 29. Qg4 Bf8 30. Rg3 {[%cal Ga1f6] now white
with little bit help from black who played too passive manages to create some
serious and immediate threats} e5 $8 31. Bd3 Rd8 32. h4 $2 (32. Qh5 $6 e4 $1 (
32... Bg8 33. Be4) 33. Bxc4 (33. Bf1 Nxa3 $1 34. Rxa3 Bxb4 {[%csl Ga4,Gb5]})
33... Bxc4 $13 {/+/=}) (32. Bb1 $5) 32... Bg8 $2 {it is clear I think that
both players were in a big time trouble,since this first explains black 39
move,this explains why white gave black the chance to take on a3 and why black
did not take} (32... Nxa3 $1) 33. h5 h6 (33... Nxa3 34. h6 g6 35. Bxg6 $1 hxg6
36. Qxg6 $1 Qe6 (36... Bh7 37. Qf7 Bxh6 38. Rxe5 $1 $18) 37. Rxe5 $1 Rd1+ (
37... fxe5 38. Bxe5+) 38. Kh2 Qf7 39. Reg5 $1 Qxg6 40. Rxg6 Bb3 41. Rxf6 {
and black is going to be mated very soon}) 34. Be4 Qb6 35. Rd1 Rxd1+ 36. Qxd1
Nd6 37. Bg6 Be6 38. Rd3 Bc4 39. Rd2 Ne4 $4 (39... Qc6 $16) 40. Bxe4 1-0